000 00581nam a2200217Ia 4500
005 20250508164413.0
008 008 250505s9999 xx 000 0 hin d
020 _a978-81-7119-770-5
037 _aTextual
040 _aFEDL
_beng
_cFEDL
041 _ahin
_2eng
084 _a891.433, JOS
_qFEDL
100 _aJoshi Himanshu
245 0 _aSamay saakshi hai
260 _aDelhi, India
_bArya Prakashan Mandal
_c2004
300 _a148p.
365 _aINR
_b150
650 _aHindi novel
_9778042
942 _cTEXL
_h891.433, JOS
999 _c1388957
_d1388957